Quizzes
Events
Quiz Creation
Community
Videos
Private Events
Remove Ads
Sign In
Join for FREE
Feedback
Dark Mode
Quiz Categories
Sports
Geography
Music
Movies
Television
Just For Fun
Miscellaneous
History
Literature
Language
Science
Gaming
Entertainment
Religion
Holiday
For Kids
Quiz Lab
Recent
Popular Today
Quiz Kudos Today
Editor Picks
Curator Picks
Quizzes by...
Day
Popularity
Type
Ratings
Length
Year
Community
Subscriptions
Recent Discussions
Orange Saloon
Badges
Playlists
Quests
Create
Leaderboards
Showdown
Live 5
Trivia Bingo
Activity
Puzzle Library
Sporcle Events
Private Events
Virtual Trivia
Globe League
Become a Host
Pub Owners
SporcleCon
Opinionation
Our Games
Videos
Blog
Mobile Apps
Partnerships
Remove Ads and Go Orange
Feedback
Music
Pop Music
The Beatles
Song
Album
Lyrics
Bands
Singers
Artist
Clip
Rock
Rap
Classical
Billboard
Country Music
Kpop
Taylor Swift
Music
Pop Music
The Beatles
Song
Album
Lyrics
Bands
Singers
Artist
Clip
Rock
Rap
Classical
Billboard
Country Music
Kpop
Taylor Swift
Random Quiz
Search Sporcle
×
Quiz Lab
Quiz Lab
Music
Pop Music
Type in answers that appear in a list
Type in answers that appear in a list
Classic
Best Score? Go Orange.
Troye Sivan-'Bite' Stats
Can you name the lyrics to Troye Sivan-'Bite'?
By
libbyy98
10m
230 Questions
680 Plays
680 Plays
680 Plays
Comments
Comments
Give Quiz Kudos
Give Quiz Kudos
-
- Ratings
hide this ad
Replay
Link that replays current quiz
Next Quiz
Link to next quiz in quiz playlist
You Got
0%
They Got
Avg Score
94%
Avg Friend Score
Upgrade to see
Score Distribution
Jump to the score distribution portion of the page
Score
0/230
Timer
10:00
0
Plays Today
Lyrics
% Correct
me
99.7%
me
99.7%
me
99.7%
me
99.7%
me
99.7%
me.
99.7%
me
99.7%
me
99.7%
me
99.7%
me
99.7%
me
99.7%
me
99.7%
me
99.7%
me,
99.7%
me
99.7%
me
99.7%
me
99.7%
me
99.7%
me
99.7%
me
99.7%
me
99.7%
me
99.7%
me
99.7%
me
99.7%
me
99.7%
me
99.7%
me
99.7%
a
99.6%
a
99.6%
a
99.6%
a
99.6%
A
99.6%
the
99.4%
the
99.4%
the
99.4%
the
99.4%
the
99.4%
the
99.4%
the
99.4%
the
99.4%
the
99.4%
the
99.4%
the
99.4%
the
99.4%
the
99.4%
the
99.4%
the
99.4%
the
99.4%
the
99.4%
the
99.4%
the
99.4%
the
99.4%
the
99.4%
and
99.1%
and
99.1%
And
99.1%
and
99.1%
and
99.1%
and
99.1%
and
99.1%
and
99.1%
and
99.1%
and
99.1%
on
98.8%
on
98.8%
on
98.8%
on
98.8%
on
98.8%
on
98.8%
on
98.8%
on
98.8%
on
98.8%
on
98.8%
on
98.8%
on
98.8%
on
98.8%
Kiss
98.7%
Lyrics
% Correct
set
98.7%
kiss
98.7%
set
98.7%
kiss
98.7%
set
98.7%
Kiss
98.7%
kiss
98.7%
kiss
98.7%
Kiss
98.7%
kiss
98.7%
set
98.7%
kiss
98.7%
set
98.7%
Kiss
98.7%
set
98.7%
kiss
98.7%
set
98.7%
Kiss
98.7%
set
98.7%
kiss
98.7%
set
98.7%
free.
98.5%
I
98.5%
Don't
98.5%
free.
98.5%
don't
98.5%
free,
98.5%
don't
98.5%
free,
98.5%
free.
98.5%
free,
98.5%
free.
98.5%
free.
98.5%
I
98.5%
don't
98.5%
free.
98.5%
don't
98.5%
mouth,
98.4%
mouth,
98.4%
mouth,
98.4%
mouth,
98.4%
mouth,
98.4%
mouth.
98.4%
mouth
98.4%
mouth,
98.4%
mouth,
98.4%
mouth,
98.4%
mouth
98.4%
mouth,
98.4%
you
98.2%
You
98.2%
you
98.2%
you
98.2%
bite.
98.1%
bite.
98.1%
bite.
98.1%
your
97.2%
your
97.2%
your
97.2%
please
97.2%
your
97.2%
please
97.2%
your
97.2%
your
97.2%
your
97.2%
your
97.2%
please
97.2%
like
96.6%
of
96.6%
But
96.6%
of
96.6%
of
96.6%
but
96.6%
like
96.6%
of
96.6%
But
96.6%
can
96.5%
Lyrics
% Correct
can
96.5%
can
96.5%
can
96.5%
be
96%
be
96%
be
96%
in
94.8%
in
94.8%
in
94.8%
in
94.8%
Sing
94.7%
Sing
94.7%
dreams,
94%
up
94%
up?
94%
dreams,
94%
up
94%
close,
93.8%
close.
93.8%
see
93.7%
So
93.7%
see
93.7%
So
93.7%
desire.
93.4%
man
93.4%
desire,
93.4%
man
93.4%
choir.
92%
choir,
92%
wanna
91.8%
fire.
91.8%
wanna
91.8%
fire.
91.8%
subject
91.5%
subject
91.5%
sickening
90.7%
sickening
90.7%
out
89.2%
right
88.4%
phoenix
87.8%
phoenix
87.8%
cold
84.7%
go
81.7%
ease,
81.3%
coax
81.1%
for
81.1%
for
81.1%
dark
81%
Drape
80.4%
at
80.4%
Street,
79.2%
eye
78.9%
Easy
78.9%
reborn.
78.6%
Let's
78.5%
down
78.5%
walk,
78.2%
warmth,
77.9%
storm.
77.6%
blind
76.9%
where
75.8%
puts
75.7%
to
75.1%
rapture
74.8%
my
74.2%
push
71.4%
time
70.5%
growing
70.1%
got
66.9%
luck.
65.7%
any
64.9%
heart
64.7%
I'm
64.5%
who's
63.5%
Cause
59.1%
pulling
57.4%
Quiz Playlist
Details
Report
Send in Message
Add To Playlist
Classic:
Type in answers that appear in a list
Last Updated: Feb 16, 2017
Quiz Scoreboard
CHALLENGE
Sign Up to Join the Scoreboard
Show All
Scores
Hide
Comments
May contain spoilers
Recently Published
Movies - When Are They Set?
by FPL_Elf
Movies
5m
Popular People in 1961
by mucciniale
History
6m
1-10 Letter E Words III
by El_Dandy
Language
2m
More to Explore
Quiz From the Vault
Featured Blog Post
Where Did the Easter Bunny Come From?
hide this ad
You Might Also Like...
Tags
Artist Quiz
Lyrics Quiz
Pop Music Quiz
Youtube
Today's Top Quizzes in Music
Browse Music
hide this ad
Today's Top Quizzes in Pop Music
Browse Pop Music
Top Contributed Quizzes in Music
1
Taylor Swift All Songs (2024)
2
2010s Album by Cover III
3
One Thing in Common: Music
4
Guess the Artist- 70s Songs
5
Taylor Swift Logic Puzzle
6
Guess the Taylor Swift song (Mystery Song)
7
2010s Album by Cover IV
8
2010s Album by Cover V
9
KPOP LOGIC QUIZ
10
2010s Album by Cover VI
Explore More
Trending Topics
Harry Potter
Kpop
Disney
Crossword
NBA
Anime
Marvel
Soccer
Pokémon
WWE
Puzzle
The Office
Country
NFL
Song
hide this ad
More By:
libbyy98
Quiz
Plays
Rating
Category
Featured
Created
Little Mix-'Wings'
4,723
5.00
Music
Apr 19, 2016
Selena Gomez-'Hands to Myself'
1,631
4.25
Music
Mar 27, 2016
Selena Gomez-'Same Old Love'
1,460
4.40
Music
Mar 27, 2016
Troye Sivan-'Youth'
1,391
5.00
Music
Mar 26, 2016
Selena Gomez-'Sober'
1,218
4.50
Music
Mar 27, 2016
Go to Creator's Profile
Score Distribution
Quiz Creator Spotlight
libbyy98
Follow
Send a Message
Quizzes Created
-
Created Quiz Play Count
-
More By This Creator
Popular Quizzes Today
1
Find the Countries of Europe - No Outlines Minefield
2
Find the US States - No Outlines Minefield
3
The Countries of the World
4
Popular People in 1961
5
US States
6
1-10 Letter E Words III
7
Find the US States
8
One Thing in Common: World Cities II
More Music Quizzes
Trivia Triangles: Signs That Rock
Published
Trending Quizzes
Risky Map Clicking: Least Populous States A-Z
1-10 Letter F Words
Humor Books: The Subtitles
1-10 Letter G Words
One Thing in Common: United Kingdom
Recently Updated
Leaping Animals
pecheneg
Reality TV Shows (A-Z)
bhenderson79
Rickey Henderson's Hall of Fame Teammates
pecheneg
Champions League XIs: Arsenal
pecheneg
Quick Pick: Celebrities in WWE's Hall of Fame
aduchscher
A-Z Keypad Blitz II
pecheneg
Multiple Oscar Actors
pecheneg
Mystery Phrase Blitz: Oscar 'Best Actors'
pecheneg
F. Scott Fitzgerald Novels
LTH
Pick 3 Villains
ddd62291
Trending Topics
Disney
Harry Potter
Kpop
Crossword
Anime
NBA
Marvel
Country
Soccer
Song
WWE
Pokémon
NFL
Puzzle
The Office
Your Account Isn't Verified!
In order to create a playlist on Sporcle, you need to verify the email address you used during registration. Go to your
Sporcle Settings
to finish the process.
Report this User
Report this user for behavior that violates our
Community Guidelines
.
Details:
Send Report
Go to the Sporcle.com Mobile Site →
Comments